000 01450cam a2200337 a 4500
999 _c529552
_d529552
001 1527978
003 NUST
005 20190927151529.0
008 900424s1990 dcua b f000 0 eng
010 _a 90070634
020 _a0309049075
038 _aMSOHAIL
040 _aDLC
_cDLC
050 0 0 _aTE228
_b.B87 1990
082 _a0
100 1 _aBurnham, Archie,
_d1935-
_921815
245 1 0 _aSigning policies, procedures, practices, and fees for logo and tourist-oriented directional signing /
_cArchie C. Burnham, Jr.
260 _aWashington, D.C. :
_bTransportation Research Board, National Research Council,
_c[1990]
300 _a41 p. :
_bill. ;
_c28 cm.
440 0 _aSynthesis of highway practice,
_x0547-5570 ;
_v162
_921816
500 _a"Research sponsored by the American Association of State Highway and Transportation Officials in cooperation with the Federal Highway Administration."
500 _a"August 1990."
504 _aIncludes bibliographical references (p. 13).
650 0 _aTraffic signs and signals
_xDesign and construction.
_921817
650 0 _aSigns and signboards
_xDesign and construction.
_921818
710 2 _aAmerican Association of State Highway and Transportation Officials.
_919553
710 1 _aUnited States.
_bFederal Highway Administration.
_920149
906 _a7
_bcbc
_corignew
_d2
_eopcn
_f19
_gy-gencatlg
942 _2ddc
_cBK